Scenes of attention: (Record no. 1309338)

MARC details
000 -LEADER
fixed length control field 02818cam a2200385 i 4500
001 - CONTROL NUMBER
control field 23070947
005 - DATE AND TIME OF LATEST TRANSACTION
control field 20250424143250.0
008 - FIXED-LENGTH DATA ELEMENTS--GENERAL INFORMATION
fixed length control field 230418s2023 nyua b 001 0 eng
010 ## - LIBRARY OF CONGRESS CONTROL NUMBER
LC control number 2023014412
020 ## - INTERNATIONAL STANDARD BOOK NUMBER
International Standard Book Number 9780231211185
020 ## - INTERNATIONAL STANDARD BOOK NUMBER
International Standard Book Number 9780231211192
040 ## - CATALOGING SOURCE
Original cataloging agency CRL
Language of cataloging eng
Description conventions rda
Transcribing agency CRL
Modifying agency CRL
042 ## - AUTHENTICATION CODE
Authentication code pcc
050 00 - LIBRARY OF CONGRESS CALL NUMBER
Classification number BF241
Item number .S336 2023
084 ## - COLON CLASSIFICATION NUMBER
Classification number S:4 R3
Assigning agency CRL
245 00 - TITLE STATEMENT
Title Scenes of attention:
Remainder of title essays on mind, time, and the senses
260 ## - PUBLICATION, DISTRIBUTION, ETC.
Place of publication, distribution, etc. New York :
Name of publisher, distributor, etc. Columbia University Press,
Date of publication, distribution, etc. 2023.
300 ## - PHYSICAL DESCRIPTION
Extent vi, 365p.
Other physical details illustrations;
Dimensions 22 cm
336 ## - CONTENT TYPE
Content type term text
Content type code txt
Source rdacontent
337 ## - MEDIA TYPE
Media type term unmediated
Media type code n
Source rdamedia
338 ## - CARRIER TYPE
Carrier type term volume
Carrier type code nc
Source rdacarrier
365 ## - TRADE PRICE
Price amount 95.00
Currency code USD
504 ## - BIBLIOGRAPHY, ETC. NOTE
Bibliography, etc. note Includes bibliographical references and index.
520 ## - SUMMARY, ETC.
Summary, etc. "We do not simply "see" what falls before our eyes. Rather, we isolate certain of the elements of our visual field by a special power of the mind, and by this same power we screen out or dismiss other elements. This power-which operates paradigmatically in the domain of vision but which would seem to function across the whole of the sensory/cognitive domain-is called "attention," and it has been (and remains) of great interest to philosophers, psychologists, cognitive scientists, and creative artists alike. Because we are widely thought to be experiencing, today, a "crisis of attention" (a crisis unfolding in the context of new theorizations of the "attention economy"), close work on the historical evolution of our understanding of attention feels urgent-as does meaningful engagement with current critical and technical discourse in this area. What attention is and how to cultivate and activate it are, Burnett and Smith believe, among the most pressing questions of our era. Leading authors from a variety of fields take on a key moment in the shifting "ecology of attention," and each offers a trenchant analysis of the way human attention has been figured across the domains of media, technology, religious practice, and literary endeavor. The result is a dynamic, readerly, and imaginative reconnoitering of the problems of the focused senses and the attentive mind"--
Assigning source Provided by publisher.
650 #0 - SUBJECT ADDED ENTRY--TOPICAL TERM
Topical term or geographic name entry element Visual perception.
9 (RLIN) 752857
650 #0 - SUBJECT ADDED ENTRY--TOPICAL TERM
Topical term or geographic name entry element Attention.
9 (RLIN) 752858
650 #0 - SUBJECT ADDED ENTRY--TOPICAL TERM
Topical term or geographic name entry element Psychology
650 #0 - SUBJECT ADDED ENTRY--TOPICAL TERM
Topical term or geographic name entry element Cognitive Styles
9 (RLIN) 752859
700 1# - ADDED ENTRY--PERSONAL NAME
Personal name Burnett, D. Graham,
Relator term editor.
9 (RLIN) 752860
700 1# - ADDED ENTRY--PERSONAL NAME
Personal name Smith, Justin E. H.,
Relator term editor.
9 (RLIN) 752861
906 ## - LOCAL DATA ELEMENT F, LDF (RLIN)
a 7
b cbc
c orignew
d 1
e ecip
f 20
g y-gencatlg
942 ## - ADDED ENTRY ELEMENTS (KOHA)
Source of classification or shelving scheme Colon Classification (CC)
Koha item type Textbook
Classification part S:4 R3
Suppress in OPAC No
Holdings
Withdrawn status Lost status Source of classification or shelving scheme Damaged status Not for loan Home library Current library Date acquired Source of acquisition Cost, normal purchase price Inventory number Total Checkouts Full call number Barcode Date last seen Price effective from Koha item type
    Colon Classification (CC)     Central Library Central Library 2025-04-24 Efficient Book Distributors 95.00 9388 & 2024-12-06   S:4 R3 CL1682458 2025-04-24 2025-04-24 Textbook
Copyright @ Delhi University Library System